Charakteristika swapu kreditného zlyhania a vývoj cien 5 ročných CDS Portugalska a vybraných krajín

Autor vymedzuje pojem swapu kreditného zlyhania (CDS), pričom svoju pozornosť orientuje na komparáciu CDS s produktom poistenia. V ďalšej časti charakterizuje vývoj cien 5 ročných CDS vybraných krajín, so zameraním sa najmä na Portugalsko. Taktiež realizuje komparáciu CDS a poukazuje na vývoj cien 5...

Descripción completa

Guardado en:
Detalles Bibliográficos
Autor principal: Pintér, Ľubomír
Formato: Capítulo de libro
Lenguaje:eslovaco
Materias:
Etiquetas: Agregar Etiqueta
Sin Etiquetas, Sea el primero en etiquetar este registro!

MARC

LEADER 00000nla$a2200000$$$4500
001 0150457
005 20221019105251.2
041 0 |a slo 
044 |a SK 
245 1 0 |a Charakteristika swapu kreditného zlyhania a vývoj cien 5 ročných CDS Portugalska a vybraných krajín  |c Ľubomír Pinter 
520 |a Autor vymedzuje pojem swapu kreditného zlyhania (CDS), pričom svoju pozornosť orientuje na komparáciu CDS s produktom poistenia. V ďalšej časti charakterizuje vývoj cien 5 ročných CDS vybraných krajín, so zameraním sa najmä na Portugalsko. Taktiež realizuje komparáciu CDS a poukazuje na vývoj cien 5 ročných CDS v roku 2012, ako aj na ich praktickú interpretáciu. 
610 2 0 |a kríza 
610 2 0 |a dlhy 
610 2 0 |a swap 
610 2 0 |a Európa 
100 1 |a Pintér, Ľubomír